=LDR 00000nam 2200000 4500 =001 INLIS000000000014585 =005 20150309112256.0 =006 =007 =008 Ind =035 ##$$0010-061300000014585 =041 ##$$a Ind =082 ##$$a 633.61 =090 ##$$a 633.61, Sup r =100 ##$$a Supriyadi, ahmad =245 ##$$a Rendemen tebu, liku-liku permasalahannya, ahmad supriyadi =260 ##$$a 1992 $b Yogyakarta =300 ##$$a 72 hlm, Ilus, 21 cm =650 ##$$a tebu =850 ##$$a NBPNMAT